000 00629nam a2200193 i 4500
003 IT-RoINE
005 20201210100544.0
008 060627s1939 it |||||r ||||||dita|d
040 _cIT-RoINE
_dIT-RoINE
245 0 0 _aCorona di rose a santa Rita da Cascia agostiniana.
250 _aNuova ed. con I quindici giovedi ed altre preghiere.
260 _aVicenza :
_bFavero,
_c[1939]
300 _a286 p. ;
_c14 cm.
336 _2rdacontent
_atext
337 _2rdamedia
_aunmediated
338 _2rdacarrier
_avolume
600 0 4 _968954
_aRita de Casia,
_cSanta,
_dca. 1381-1457
_xLibros de oraciones y devocionarios
942 _cMTS
999 _c35628
_d35628